| 000 | 00612cam a2200217 i 4500 | ||
|---|---|---|---|
| 001 | sa 67007036 | ||
| 003 | DLC | ||
| 005 | 20260227112412.0 | ||
| 008 | 850219s1966 ii c 000 0 hino | ||
| 010 | _asa 67007036 | ||
| 040 |
_aDLC _cDLC _dDLC |
||
| 041 | 1 |
_ahin _hsan |
|
| 050 | 0 | 0 |
_aBL1138.62 _b.H5 1966 |
| 130 | 0 |
_aBhagavadgītā. _lHindi. |
|
| 245 | 1 | 0 |
_aNāgara Gītā / _crūpāntarakāra Baccana. |
| 250 | _a[1. saṃskaraṇa]. | ||
| 260 |
_aDillī : _bRājapāla, _c[1966] |
||
| 300 |
_a178 p. : _bport. ; _c23 cm. |
||
| 546 | _aIn Hindi; translated from Sanskrit. | ||
| 700 | 1 |
_aBaccana, _d1907-2003. |
|
| 999 |
_c76309 _d76309 |
||